Wildlife of the rainforest

Bibliographic Details
Main Author: Mitchell, Andrew
Format: Book
Published: New York : Mallard Press , 1990
Series:Oxford scientific films
Subjects:

MARC

LEADER 00000cam a2200000 7i4500
001 0000005497
002 000005942
005 20060206.0
020 |a 0792450256 
090 0 0 |a 639.9   |b MIT 
100 1 |a Mitchell, Andrew 
245 1 0 |a Wildlife of the rainforest   |c Andrew Mitchell 
260 |a New York :   |b Mallard Press ,   |c 1990 
300 |a 32p. :   |b ill. ;   |c 27cm. 
490 0 |a Oxford scientific films 
650 0 0 |a Rain forests   |x Juvenile literature 
999 |a 027238   |b BUKU   |c JUNIOR BOOKS   |e PERPUSTAKAAN KOMUNITI PETALING JAYA